000 00436pab a2200157 454500
008 180718b1985 xxu||||| |||| 00| 0 eng d
100 _aTrakroo, P.L
245 _aPerception of health among rural population in India
260 _c1985
300 _a255-69
362 _aOct.-Dec.
650 _aHealth Services - India - Haryana
700 _aS.D. Kapoor
773 _aHealth and Population : Perspectives and Issues
909 _a9685
999 _c9685
_d9685